LEADER 01010nam a2200181 i 4500 001 000000255573 003 CaOOAMICUS 005 20171006000000.0 008 171006s1819 xx u000 u fre u 013 $a234481 026 $adede ndn- tees l.Tr (3) 1819 (A) 040 $aSeMil$bita 245 10$aTome 5. 300 $a[4], 498, [2] p., [4] c. di tav. ripieg. :$btab. 773 0 $aClément, François <1713-1793>$tArt de vérifier les dates des faits historiques, des inscriptions, des chroniques, et autres anciens monuments, avant l'ère chrétienne ... Par un religieux de la Congrégation de Saint-Maur ... Tome 1. [-5.].$bImprime pour la premiere fois sur les manuscrits des Benedictins, mis en ordre par M. de Saint-Allais ...$dA Paris : Chez Moreau, imprimeur de S.A.R. Madame, successeur de M. Valade, rue Coquillière, n. 27, 1819$g5$w()8102 850 $aSeMil 852 $aSeMil$W1$xVenegono$y1$m3V II 5 FA$j205919$B205919$CSeMilBibl$Z2$F219337 $8I 996 $6245$aTome 5$9(OLS)http://semarc/title/1596 LEADER 01008nam a2200241 i 4500 001 000000127831 003 CaOOAMICUS 005 20040706000000.0 008 040706s1969 it u000 u ita u 013 $a100545 040 $aSeMil$bita 100 1 $aDell'Acqua, Umberto.$0(OLS)http://semarc/name/43460 245 10$aLineamenti psicologici della vita affettiva e sessuale /$cProf. U. Dell'Acqua. 260 $a[S.l.] :$bed. Vette '73,$cstampa 1969. 300 $a67 p. ;$c22 cm. 500 $aContiene : Bibliografia. - Ai piè del front : pro manoscripto. 650 4$aAffetto.$0(OLS)http://semarc/subject/15391 650 4$aSesso - Psicologia.$0(OLS)http://semarc/subject/4714 850 $aSeMil 852 $aSeMil$W1$xVenegono$y1$m598 416 *$j82084$B82084$CSeMilBibl$Z2$F85923 $81 961 $aRecupero: Deposito 996 $6245$aLineamenti psicologici della vita affettiva e sessuale$9(OLS)http://semarc/title/188744 996 $6260$a[S.l.] :$bed. Vette '73$9(OLS)http://semarc/publisher/46562